[Event "FRA T I 120102011"]
[Site "FRA"]
[Date "2010.12.11"]
[Round "4.7"]
[White "Langevin, Philippe"]
[Black "Flear, Christine"]
[Result "1/2-1/2"]
[WhiteElo "2125"]
[BlackElo "2149"]
[PlyCount "73"]
[EventDate "2010.10.17"]
[EventType "team-match"]
[EventRounds "9"]
[EventCountry "FRA"]
[Source "FFE"]
[SourceDate "2010.10.29"]

1. d4 d5 2. Nc3 Bg4 3. h3 Bh5 4. g4 Bg6 5. Nf3 e6 6. Ne5 Ne7 7. Bf4 f6 8. Nxg6
Nxg6 9. Bg3 Bd6 10. Qd3 Nc6 11. O-O-O Bxg3 12. Qxg3 Qd6 13. Qxd6 cxd6 14. e4
dxe4 15. d5 exd5 16. Nxd5 O-O-O 17. Bg2 Rhe8 18. Rhe1 Nce7 19. Nxe7+ Rxe7 20.
Bxe4 Kc7 21. Bxg6 Rxe1 22. Rxe1 hxg6 23. Re7+ Rd7 24. Re8 d5 25. Kd2 Kd6 26.
Kd3 Rc7 27. c3 b6 28. f3 Re7 29. Rxe7 Kxe7 30. Kd4 Kd6 31. f4 g5 32. f5 Kc6 33.
a4 a6 34. b3 b5 35. axb5+ axb5 36. Ke3 Kc5 37. Kd3 1/2-1/2

[Event "FRA T I 120102011"]
[Site "FRA"]
[Date "2010.12.11"]
[Round "4.8"]
[White "Giry, Jean Marc"]
[Black "Robert, Bastien"]
[Result "0-1"]
[WhiteElo "1987"]
[BlackElo "2041"]
[PlyCount "58"]
[EventDate "2010.10.17"]
[EventType "team-match"]
[EventRounds "9"]
[EventCountry "FRA"]
[Source "FFE"]
[SourceDate "2010.10.29"]

1. c4 e5 2. g3 Nf6 3. Bg2 Nc6 4. Nc3 g6 5. d3 Bg7 6. e4 O-O 7. Nge2 d6 8. O-O
Kh8 9. h3 Bd7 10. Be3 Qc8 11. Kh2 Ng8 12. Qd2 f5 13. exf5 Rxf5 14. Nd5 Rh5 15.
g4 Bxg4 16. Ng3 Rh4 17. Bg5 Bh6 18. Bxh6 Rxh6 19. Nf6 Rxh3+ 20. Bxh3 Nxf6 21.
Bxg4 Qxg4 22. f3 Qh4+ 23. Kg2 Nh5 24. Ne2 Rf8 25. Rf2 Rf5 26. Rg1 Nd4 27. Nxd4
Qxd4 28. Rd1 Qh4 29. Rg1 Rg5+ 0-1

[Event "FRA T I 120102011"]
[Site "FRA"]
[Date "2010.12.11"]
[Round "4.3"]
[White "Doncea, Vladimir"]
[Black "Efimov, Igor"]
[Result "0-1"]
[WhiteElo "2405"]
[BlackElo "2408"]
[PlyCount "60"]
[EventDate "2010.10.17"]
[EventType "team-match"]
[EventRounds "9"]
[EventCountry "FRA"]
[Source "FFE"]
[SourceDate "2010.10.29"]

1. d4 d5 2. Nf3 Nf6 3. c4 c6 4. Qc2 dxc4 5. e4 b5 6. b3 cxb3 7. axb3 e6 8. Bd2
Bb7 9. Ba5 Qc8 10. Bd3 Nfd7 11. O-O Be7 12. e5 c5 13. Bxb5 O-O 14. Bd3 Bxf3 15.
gxf3 Nc6 16. Bxh7+ Kh8 17. Be4 Nxd4 18. Qd1 Nxe5 19. f4 Ng6 20. Qh5+ Kg8 21.
Kh1 f5 22. Qxg6 Rf6 23. Qg2 fxe4 24. Qxe4 Nxb3 25. Ra2 Nxa5 26. Rxa5 Qd8 27.
Nc3 Qxa5 28. Qxa8+ Bf8 29. Ne4 Rxf4 30. Ng5 Qa2 0-1

[Event "FRA T I 120102011"]
[Site "FRA"]
[Date "2010.12.11"]
[Round "4.4"]
[White "Acher, Mathieu"]
[Black "Ravot, Sylvain"]
[Result "1-0"]
[WhiteElo "2368"]
[BlackElo "2275"]
[PlyCount "57"]
[EventDate "2010.10.17"]
[EventType "team-match"]
[EventRounds "9"]
[EventCountry "FRA"]
[Source "FFE"]
[SourceDate "2010.10.29"]

1. e4 c5 2. Nf3 g6 3. c3 Bg7 4. Bc4 e6 5. O-O a6 6. d4 cxd4 7. cxd4 d5 8. exd5
exd5 9. Bb3 h6 10. Nc3 Ne7 11. Bf4 O-O 12. Qd2 Kh7 13. Ne5 Nbc6 14. Nxc6 Nxc6
15. Bxd5 Nxd4 16. Bxh6 Bxh6 17. Qxd4 Bg7 18. Qc4 b5 19. Qc5 Rb8 20. Ne4 Re8 21.
Rad1 Qe7 22. Qxe7 Rxe7 23. Rfe1 Kh6 24. Nd6 Rxe1+ 25. Rxe1 Be6 26. Bxe6 fxe6
27. b3 Rb6 28. Rxe6 Kh5 29. Nf5 1-0

[Event "FRA T I 120102011"]
[Site "FRA"]
[Date "2010.12.11"]
[Round "4.5"]
[White "Renaze, Luc"]
[Black "Villegas, Pierre"]
[Result "1/2-1/2"]
[WhiteElo "2295"]
[BlackElo "2247"]
[PlyCount "69"]
[EventDate "2010.10.17"]
[EventType "team-match"]
[EventRounds "9"]
[EventCountry "FRA"]
[Source "FFE"]
[SourceDate "2010.10.29"]

1. d4 d5 2. c4 c6 3. Nf3 Nf6 4. Nc3 e6 5. Qb3 dxc4 6. Qxc4 b5 7. Qb3 a6 8. g3
Bb7 9. Bg2 c5 10. dxc5 Nbd7 11. O-O Bxc5 12. Ng5 Bxg2 13. Kxg2 Qb6 14. Nge4 Qb7
15. f3 Be7 16. Bf4 O-O 17. Rac1 Rfd8 18. Rfd1 Ne8 19. a4 b4 20. Nb1 Rac8 21.
Nbd2 Ndf6 22. Nxf6+ Nxf6 23. Nc4 Nd5 24. Bd2 f5 25. Ne3 Rxc1 26. Bxc1 Nxe3+ 27.
Bxe3 Rxd1 28. Qxd1 Kf7 29. b3 Qc6 30. Qd3 Qc3 31. Bd4 Qxd3 32. exd3 Bf6 33. Bc5
Be7 34. Bd4 Bf6 35. Bc5 1/2-1/2

[Event "FRA T I 120102011"]
[Site "FRA"]
[Date "2010.12.11"]
[Round "4.6"]
[White "Gentilleau, Jean Philippe"]
[Black "Guedon, Stephane"]
[Result "1-0"]
[WhiteElo "2208"]
[BlackElo "2206"]
[PlyCount "55"]
[EventDate "2010.10.17"]
[EventType "team-match"]
[EventRounds "9"]
[EventCountry "FRA"]
[Source "FFE"]
[SourceDate "2010.10.29"]

1. e4 c5 2. Nf3 d6 3. d4 cxd4 4. Qxd4 a6 5. c4 Nc6 6. Qd2 g6 7. b3 Bh6 8. Qc3
f6 9. Be2 Bxc1 10. Qxc1 Qa5+ 11. Nc3 Nh6 12. O-O Nf7 13. a3 Bg4 14. b4 Qd8 15.
Qe3 O-O 16. Rfd1 Qe8 17. Nd5 Rd8 18. b5 Nb8 19. Nd4 Bc8 20. Nc7 Qd7 21. Nce6
Qe8 22. Rac1 Bxe6 23. Nxe6 Rc8 24. Nxf8 Kxf8 25. Qb6 Nd8 26. Bg4 f5 27. exf5
Nd7 28. Qd4 1-0

[Event "FRA T I 120102011"]
[Site "FRA"]
[Date "2010.12.11"]
[Round "4.8"]
[White "Lebel Arias, Julia"]
[Black "Batteau, Valerie"]
[Result "0-1"]
[WhiteElo "1936"]
[BlackElo "1886"]
[PlyCount "77"]
[EventDate "2010.10.17"]
[EventType "team-match"]
[EventRounds "9"]
[EventCountry "FRA"]
[Source "FFE"]
[SourceDate "2010.10.29"]

1. d4 Nf6 2. e3 e6 3. Bd3 c5 4. Nd2 Nc6 5. Ngf3 b6 6. c3 Bb7 7. O-O Be7 8. Qe2
O-O 9. Ne5 cxd4 10. exd4 d6 11. Ng4 Qd7 12. f4 Rfe8 13. Nxf6+ Bxf6 14. Ne4 Bd8
15. Qh5 f5 16. Ng3 g6 17. Qh3 Bf6 18. Bd2 Kh8 19. Rae1 Re7 20. Ne2 Rae8 21. Bb5
a6 22. Ba4 b5 23. Bc2 e5 24. dxe5 dxe5 25. Rd1 e4 26. Be3 Qc7 27. a3 Na5 28. g4
Bc8 29. g5 Bg7 30. Nd4 Nc4 31. Bc1 Bb7 32. b3 Nb6 33. Bb2 e3 34. Bxf5 e2 35.
Bxg6 Bxd4+ 36. cxd4 exf1=Q+ 37. Rxf1 Re2 38. d5+ Rxb2 39. b4 {suite illisible}
0-1

[Event "FRA T I 120102011"]
[Site "FRA"]
[Date "2010.12.11"]
[Round "4.1"]
[White "Janev, Evgeni"]
[Black "Bujisho, Benjamin"]
[Result "0-1"]
[WhiteElo "2494"]
[BlackElo "2380"]
[PlyCount "104"]
[EventDate "2010.10.17"]
[EventType "team-match"]
[EventRounds "9"]
[EventCountry "FRA"]
[Source "FFE"]
[SourceDate "2010.10.29"]

1. e4 c5 2. Nf3 d6 3. d4 cxd4 4. Nxd4 Nf6 5. Nc3 a6 6. g3 g6 7. Bg2 Bg7 8. a4
O-O 9. h3 Nc6 10. Nde2 Bd7 11. O-O Rb8 12. Nd5 b5 13. axb5 axb5 14. Kh2 Ne8 15.
c3 b4 16. c4 e6 17. Ne3 Qc7 18. Rb1 Na5 19. b3 Nb7 20. Bd2 Nc5 21. Nc2 h5 22.
Nxb4 h4 23. Qc2 f5 24. exf5 gxf5 25. Nf4 hxg3+ 26. fxg3 Nf6 27. Na2 Rbe8 28.
Nc3 Bc6 29. Be3 Nce4 30. Nxe4 Nxe4 31. Rbd1 Be5 32. Rd3 Rf7 33. Bc1 Rg7 34. Qe2
Ree7 35. Bb2 Nxg3 36. Rxg3 Rxg3 37. Bxc6 Reg7 38. Bh1 Rxb3 39. Bxe5 dxe5 40.
Nxe6 Qxc4 41. Nf4 Qxe2+ 42. Nxe2 Rb2 43. Bd5+ Kh8 44. Rf2 e4 45. Bc4 Rc7 46.
Bd5 Rcc2 47. Rxf5 Rxe2+ 48. Kg3 Re1 49. Kg4 e3 50. Kh5 Rf2 51. Rg5 Ref1 52. Bc4
e2 0-1

[Event "FRA T I 120102011"]
[Site "FRA"]
[Date "2010.12.11"]
[Round "4.2"]
[White "Suarez Real, Alberto"]
[Black "Lamoureux, Charles"]
[Result "1-0"]
[WhiteElo "2385"]
[BlackElo "2363"]
[PlyCount "75"]
[EventDate "2010.10.17"]
[EventType "team-match"]
[EventRounds "9"]
[EventCountry "FRA"]
[Source "FFE"]
[SourceDate "2010.10.29"]

1. e4 c5 2. Nf3 e6 3. d4 cxd4 4. Nxd4 a6 5. Nc3 Qc7 6. Bd3 Nc6 7. Be3 Nf6 8.
O-O h5 9. h3 b5 10. Nxc6 dxc6 11. a4 Rb8 12. f4 e5 13. fxe5 Nd7 14. e6 fxe6 15.
e5 Qxe5 16. Bf4 Qc5+ 17. Kh1 e5 18. Bg5 Be7 19. Bg6+ Kd8 20. Ne4 Qd5 21. Bxe7+
Kxe7 22. Rf7+ Kd8 23. Qe1 Rh6 24. Rd1 Rxg6 25. Rxd5 cxd5 26. Qh4+ Kc7 27. Qxh5
Re6 28. Nc5 Rbb6 29. Qf5 Red6 30. Qxe5 g6 31. a5 Rbc6 32. b4 Kd8 33. Nxd7 Bxd7
34. Qh8+ Be8 35. Ra7 Re6 36. c3 Red6 37. Ra8+ Kd7 38. Qg7+ 1-0

[Event "FRA T I 120102011"]
[Site "FRA"]
[Date "2010.12.11"]
[Round "4.6"]
[White "Brih, Touatia"]
[Black "Brailly Vignal, Bastien"]
[Result "0-1"]
[WhiteElo "1956"]
[BlackElo "2207"]
[PlyCount "66"]
[EventDate "2010.10.17"]
[EventType "team-match"]
[EventRounds "9"]
[EventCountry "FRA"]
[Source "FFE"]
[SourceDate "2010.10.29"]

1. Nf3 Nf6 2. d4 c5 3. g3 cxd4 4. Nxd4 g6 5. Bg2 Bg7 6. O-O O-O 7. Nc3 Nc6 8.
Nf3 d6 9. Re1 Qb6 10. h3 Be6 11. Ng5 Bd7 12. Rb1 Rfc8 13. Nd5 Qa5 14. b4 Qd8
15. Bb2 Nxd5 16. Bxg7 Kxg7 17. Qxd5 Be8 18. b5 Na5 19. Qd4+ e5 20. Qd2 Nc4 21.
Qc1 h6 22. Bxb7 hxg5 23. Rb4 Rab8 24. Bxc8 Rxc8 25. Qd1 Bd7 26. Qd3 Bf5 27. e4
Be6 28. a4 Qc7 29. Kh2 Qc5 30. Rbb1 Qxf2+ 31. Kh1 Bxh3 32. Qe2 Bg2+ 33. Kh2
Rh8+ 0-1

[Event "FRA T I 120102011"]
[Site "FRA"]
[Date "2010.12.11"]
[Round "4.1"]
[White "Petkov, Vladimir"]
[Black "Bojkov, Dejan"]
[Result "0-1"]
[WhiteElo "2504"]
[BlackElo "2542"]
[PlyCount "84"]
[EventDate "2010.10.17"]
[EventType "team-match"]
[EventRounds "9"]
[EventCountry "FRA"]
[Source "FFE"]
[SourceDate "2010.10.29"]

1. Nf3 Nf6 2. c4 g6 3. Nc3 Bg7 4. e4 d6 5. d4 O-O 6. h3 Na6 7. Bg5 Qe8 8. Bd3
e5 9. O-O h6 10. Be3 exd4 11. Bxd4 c5 12. Be3 Nb4 13. Re1 Be6 14. Bf1 Rd8 15.
Qd2 Kh7 16. Rad1 Qc6 17. a3 Na6 18. Bf4 Nc7 19. b4 b6 20. Qc2 Nfe8 21. Nd5 Qb7
22. Ne3 Bd7 23. Bg3 Ne6 24. Nd5 Bc6 25. Bh4 Rd7 26. Bd3 Nd4 27. Nxd4 Bxd4 28.
Re2 Bxd5 29. exd5 Ng7 30. Rde1 Qa6 31. Qc1 Qc8 32. Qf4 Bc3 33. Rc1 Be5 34. Qd2
Rc7 35. bxc5 bxc5 36. Rxe5 dxe5 37. Bf6 Re8 38. Qc2 Qa6 39. d6 Rd7 40. Rd1 Re6
41. Bxg7 Kxg7 42. Qc3 Rdxd6 {suite illisible} 0-1

[Event "FRA T I 120102011"]
[Site "FRA"]
[Date "2010.12.11"]
[Round "4.4"]
[White "Murey, Jacob"]
[Black "Milchev, Nikolay"]
[Result "1-0"]
[WhiteElo "2426"]
[BlackElo "2365"]
[PlyCount "101"]
[EventDate "2010.10.17"]
[EventType "team-match"]
[EventRounds "9"]
[EventCountry "FRA"]
[Source "FFE"]
[SourceDate "2010.10.29"]

1. c4 e5 2. Nf3 Nc6 3. g3 Bc5 4. Nc3 d6 5. Bg2 a6 6. e3 Bg4 7. h3 Bh5 8. d3 f5
9. Qb3 Rb8 10. O-O h6 11. Bd2 Nge7 12. Nd5 O-O 13. Rae1 Ba7 14. a4 Bf7 15. e4
Kh8 16. Qc2 Bh5 17. Nxe7 Qxe7 18. exf5 Bxf3 19. Bxf3 Nd4 20. Qd1 Nxf5 21. Kg2
Bd4 22. Be4 Rf6 23. Qg4 Qf7 24. b4 Rf8 25. f4 c6 26. h4 h5 27. Qf3 exf4 28.
Bxf4 Nxh4+ 29. gxh4 Rxf4 30. Qxf4 Qxf4 31. Rxf4 Rxf4 32. Bf3 Rxh4 33. Re7 g5
34. Rxb7 Be5 35. Bxc6 Rh2+ 36. Kf1 Ra2 37. b5 Rxa4 38. b6 Ra1+ 39. Ke2 d5 40.
Re7 Ra2+ 41. Ke3 Bf4+ 42. Kd4 dxc4 43. dxc4 Rd2+ 44. Kc3 Rd6 45. Rc7 Rf6 46.
Rc8+ Kg7 47. c5 g4 48. Bd5 Rf8 49. b7 h4 50. c6 Rf5 51. c7 1-0

[Event "FRA T I 120102011"]
[Site "FRA"]
[Date "2010.12.11"]
[Round "4.7"]
[White "Riff, Sebastien"]
[Black "Forestier, Flavien"]
[Result "1-0"]
[WhiteElo "2284"]
[BlackElo "2175"]
[PlyCount "75"]
[EventDate "2010.10.17"]
[EventType "team-match"]
[EventRounds "9"]
[EventCountry "FRA"]
[Source "FFE"]
[SourceDate "2010.10.29"]

1. e4 e6 2. d4 d5 3. Nd2 Nf6 4. e5 Nfd7 5. Bd3 c5 6. c3 Nc6 7. Ne2 cxd4 8. cxd4
f6 9. exf6 Nxf6 10. Nf3 Bd6 11. O-O O-O 12. Bf4 Bxf4 13. Nxf4 Ne4 14. Nh5 g6
15. Ng3 Ng5 16. Nxg5 Qxg5 17. Bb5 Ne7 18. Qc1 Qf6 19. Qd2 h5 20. f4 h4 21. Ne2
Nf5 22. Rac1 Nd6 23. Bd3 Bd7 24. Qb4 Nf5 25. Bxf5 gxf5 26. Qxb7 Rad8 27. Qb4
Rf7 28. Kh1 Kh8 29. Ng1 Rg7 30. Nf3 Rdg8 31. Rf2 Rg4 32. Qd2 Be8 33. Ng5 Bh5
34. Rc6 R4xg5 35. fxg5 Rxg5 36. Rc8+ Kh7 37. Rc7+ Bf7 38. Rxf7+ 1-0

[Event "FRA T I 120102011"]
[Site "FRA"]
[Date "2010.12.11"]
[Round "4.8"]
[White "Forestier, Carole"]
[Black "Choisy, Mathilde"]
[Result "0-1"]
[WhiteElo "2089"]
[BlackElo "2176"]
[PlyCount "40"]
[EventDate "2010.10.17"]
[EventType "team-match"]
[EventRounds "9"]
[EventCountry "FRA"]
[Source "FFE"]
[SourceDate "2010.10.29"]

1. d4 Nf6 2. c4 g6 3. Nc3 Bg7 4. e4 d6 5. Be2 O-O 6. g4 c5 7. Be3 cxd4 8. Bxd4
Nc6 9. Be3 Qa5 10. Bd2 Qd8 11. g5 Nd7 12. h4 Nc5 13. h5 Be6 14. f3 Ne5 15. Qc2
Bxc4 16. Bxc4 Nxc4 17. Bf4 Nxb2 18. hxg6 Nbd3+ 19. Kf1 Nxf4 20. gxf7+ Rxf7 0-1

[Event "FRA T I 120102011"]
[Site "FRA"]
[Date "2010.12.11"]
[Round "4.1"]
[White "Gaudineau, Eric"]
[Black "Prie, Eric"]
[Result "1/2-1/2"]
[WhiteElo "2330"]
[BlackElo "2527"]
[PlyCount "56"]
[EventDate "2010.10.17"]
[EventType "team-match"]
[EventRounds "9"]
[EventCountry "FRA"]
[Source "FFE"]
[SourceDate "2010.10.29"]

1. e4 d5 2. exd5 Qxd5 3. Nc3 Qa5 4. d4 Nf6 5. Nf3 Bf5 6. Bc4 e6 7. Bd2 Bb4 8.
a3 Bxc3 9. Bxc3 Qb6 10. d5 exd5 11. Bxd5 O-O 12. Bxf6 Re8+ 13. Be5 Nd7 14.
Bxf7+ Kxf7 15. Qd5+ Be6 16. Qe4 Nxe5 17. Nxe5+ Kg8 18. O-O-O Qxf2 19. Rhe1 Qb6
20. Qh4 Qc5 21. Nd3 Qc6 22. Re4 Rad8 23. Qg3 b6 24. Rde1 Bf7 25. Re7 Rxe7 26.
Rxe7 Rd7 27. Qe3 h6 28. Rxd7 Qxd7 1/2-1/2

[Event "FRA T I 120102011"]
[Site "FRA"]
[Date "2010.12.11"]
[Round "4.4"]
[White "Safranska, Anda"]
[Black "Diaz, Mickael"]
[Result "0-1"]
[WhiteElo "2250"]
[BlackElo "2219"]
[PlyCount "62"]
[EventDate "2010.10.17"]
[EventType "team-match"]
[EventRounds "9"]
[EventCountry "FRA"]
[Source "FFE"]
[SourceDate "2010.10.29"]

1. Nf3 d6 2. e4 c5 3. Bc4 g6 4. O-O Bg7 5. d3 Nc6 6. c3 Nf6 7. Bb3 O-O 8. Re1
b6 9. h3 Ba6 10. Bc2 Rc8 11. a3 Qd7 12. Nbd2 Rfd8 13. d4 cxd4 14. cxd4 e5 15.
d5 Ne7 16. Ba4 Qc7 17. Nf1 h6 18. Ng3 Nd7 19. b4 f5 20. Bb2 b5 21. Bb3 f4 22.
Nf1 Kh7 23. Qe2 Qb6 24. Rec1 Nf6 25. Rxc8 Rxc8 26. Rc1 Rg8 27. Kh1 g5 28. N1h2
Bc8 29. Bd1 Bf8 30. Ne1 h5 31. Nd3 Qd4 0-1

[Event "FRA T I 120102011"]
[Site "FRA"]
[Date "2010.12.11"]
[Round "4.6"]
[White "Bertrand, Frederic"]
[Black "Diaz, Franck"]
[Result "1-0"]
[WhiteElo "2296"]
[BlackElo "2185"]
[PlyCount "76"]
[EventDate "2010.10.17"]
[EventType "team-match"]
[EventRounds "9"]
[EventCountry "FRA"]
[Source "FFE"]
[SourceDate "2010.10.29"]

1. d4 e6 2. c4 f5 3. Nf3 Nf6 4. Nc3 d5 5. e3 c6 6. Ne5 Bd6 7. Be2 O-O 8. O-O b6
9. Qa4 Bb7 10. f4 Ne4 11. Nxe4 dxe4 12. b4 a5 13. b5 Bxe5 14. dxe5 c5 15. Rd1
Qe7 16. Rd6 Nd7 17. Bd2 Bc8 18. g4 g6 19. Kh1 Kh8 20. Rg1 Rg8 21. Qd1 Rb8 22.
Qf1 fxg4 23. Bxg4 Nf8 24. Qh3 Rb7 25. Be1 g5 26. fxg5 Ng6 27. Bxe6 Bxe6 28.
Qxe6 Qxe6 29. Rxe6 Rd8 30. Rd6 Rxd6 31. exd6 Rd7 32. Bg3 Kg7 33. Rf1 Nf8 34.
Be5+ Kg8 35. h4 Rf7 36. Bf4 Ng6 37. Rd1 Rd7 38. h5 Nf8 {suite illisible} 1-0

[Event "FRA T I 120102011"]
[Site "FRA"]
[Date "2010.12.11"]
[Round "4.7"]
[White "Cherki, Thomas"]
[Black "Domenech, Vianney"]
[Result "1/2-1/2"]
[WhiteElo "2116"]
[BlackElo "2129"]
[PlyCount "77"]
[EventDate "2010.10.17"]
[EventType "team-match"]
[EventRounds "9"]
[EventCountry "FRA"]
[Source "FFE"]
[SourceDate "2010.10.29"]

1. e4 d5 2. exd5 Qxd5 3. Nc3 Qa5 4. d4 Nf6 5. Nf3 Bf5 6. Bc4 c6 7. Bd2 e6 8.
Nd5 Qd8 9. Nxf6+ gxf6 10. Bb3 Nd7 11. Qe2 Be7 12. Nh4 Bg6 13. g3 a5 14. a4 Nb6
15. c3 Nd5 16. O-O Rg8 17. c4 Nb4 18. Bxb4 axb4 19. d5 cxd5 20. cxd5 exd5 21.
Qb5+ Kf8 22. Qxd5 Qxd5 23. Bxd5 Bc2 24. Bxb7 Ra7 25. Bc6 f5 26. Nf3 Bf6 27.
Rfe1 Rc7 28. Bb5 Bxb2 29. Ra2 Bf6 30. Ne5 b3 31. Rb2 Kg7 32. f4 Be7 33. Nc4
Bc5+ 34. Kg2 Bd4 35. Rxc2 bxc2 36. Rc1 Rgc8 37. Rxc2 Re7 38. Rd2 Bc3 39. Rc2
1/2-1/2

[Event "FRA T I 120102011"]
[Site "FRA"]
[Date "2010.12.12"]
[Round "5.5"]
[White "Boursier, Julien"]
[Black "Ravot, Sylvain"]
[Result "1/2-1/2"]
[WhiteElo "2076"]
[BlackElo "2275"]
[PlyCount "202"]
[EventDate "2010.10.17"]
[EventType "team-match"]
[EventRounds "9"]
[EventCountry "FRA"]
[Source "FFE"]
[SourceDate "2010.10.29"]

1. d4 f5 2. Nf3 d6 3. g3 Nf6 4. b3 g6 5. Bb2 Bg7 6. Bg2 O-O 7. Nbd2 Qe8 8. O-O
c6 9. Re1 Ne4 10. c4 Qf7 11. e3 g5 12. Qe2 g4 13. Nh4 d5 14. f3 Nxd2 15. Qxd2
gxf3 16. Bf1 Be6 17. Nxf3 Nd7 18. Rac1 Rac8 19. Ba3 Rfe8 20. Qb4 b6 21. Ng5 Qg6
22. Nxe6 a5 23. Qc3 Qxe6 24. cxd5 cxd5 25. Qxc8 Rxc8 26. Rxc8+ Kf7 27. Rc7 Bf8
28. Bd3 Nf6 29. Kg2 f4 30. Bc1 fxg3 31. hxg3 h5 32. Rf1 h4 33. e4 Qg4 34. Bf4
Bh6 35. Bd6 Ke6 36. Be5 Bg5 37. exd5+ Kxd5 38. Bc4+ Ke4 39. Rxe7 Nd5 40. Bxd5+
Kxd5 41. Ref7 hxg3 42. Bxg3 Be3 43. R1f5+ Kxd4 44. Rf3 Qc8 45. Rc7 Qg8 46. Rd7+
Kc5 47. Rxe3 Qa8+ 48. Rf3 Qe4 49. Rdf7 Kb5 50. a4+ Ka6 51. R7f6 Qg4 52. R3f4
Qg8 53. Rf3 Qg4 54. Rd6 Qb4 55. Rfd3 Qg4 56. Kf1 Qh3+ 57. Ke2 Qg4+ 58. Ke1 Qe4+
59. Kd2 Qg2+ 60. Kc3 Qf1 61. Kb2 Qg2+ 62. Kc3 Qf1 63. Rd7 Qc1+ 64. Kd4 Qg1+ 65.
Kd5 Qc5+ 66. Ke6 Qc6+ 67. Kf5 Qg2 68. Bb8 Qf2+ 69. Ke4 Qg2+ 70. Kd4 Qb2+ 71.
Ke3 Qc1+ 72. Ke2 Qc2+ 73. Rd2 Qe4+ 74. Kf2 Qf5+ 75. Ke3 Qe6+ 76. Kf4 Qh6+ 77.
Ke4 Qg6+ 78. Kd4 Qg1+ 79. Kc3 Qa1+ 80. Kd3 Qb1+ 81. Ke2 Qe4+ 82. Kf1 Qf5+ 83.
Kg2 Qe4+ 84. Kh2 Qh4+ 85. Kg1 Qg4+ 86. Kf2 Qf5+ 87. Ke1 Qe6+ 88. Kf1 Qf5+ 89.
Kg2 Qe4+ 90. Kh3 Qe6+ 91. Kh2 Qh6+ 92. Kg2 Qg6+ 93. Bg3 Qc6+ 94. R2d5 Qg6 95.
R7d6 Qe4+ 96. Kf1 Qf3+ 97. Bf2 Qh1+ 98. Ke2 Qe4+ 99. Be3 Qg2+ 100. Kd3 Qf1+
101. Kd4 Qd1+ 1/2-1/2

[Event "FRA T I 120102011"]
[Site "FRA"]
[Date "2010.12.12"]
[Round "5.8"]
[White "Batteau, Valerie"]
[Black "Attal, Maxence"]
[Result "1/2-1/2"]
[WhiteElo "1886"]
[BlackElo "1710"]
[PlyCount "189"]
[EventDate "2010.10.17"]
[EventType "team-match"]
[EventRounds "9"]
[EventCountry "FRA"]
[Source "FFE"]
[SourceDate "2010.10.29"]

1. e4 e6 2. d4 d5 3. e5 c5 4. c3 b6 5. Bd3 Ba6 6. Bc2 Nc6 7. Be3 cxd4 8. cxd4
Nge7 9. Nc3 Rc8 10. Nge2 Nf5 11. Bxf5 exf5 12. a3 Bxe2 13. Qxe2 Qd7 14. Qb5 Ne7
15. Qa6 Nc6 16. Rc1 Nb8 17. Qe2 Be7 18. Qf3 Rd8 19. Qg3 g6 20. Bh6 Nc6 21. Qf4
Rg8 22. h4 f6 23. Ne2 Rc8 24. Rc3 Kf7 25. Re3 fxe5 26. dxe5 Qe6 27. Qg3 d4 28.
Rd3 Nxe5 29. Rxd4 Rc2 30. Rd2 Rxd2 31. Bxd2 Bd6 32. Qe3 Bc5 33. Qg3 Re8 34. O-O
Nf3+ 35. Qxf3 Qxe2 36. Qd5+ Qe6 37. Qf3 Qe4 38. Qg3 Qe5 39. Qb3+ Qe6 40. Qa4
Qd5 41. Bc3 a5 42. Rd1 Qe4 43. Qb3+ Qe6 44. Qb5 Re7 45. Re1 Qd5 46. Rxe7+ Kxe7
47. Qe2+ Qe6 48. Qd2 Qe4 49. g3 Qf3 50. Qg5+ Kd7 51. Qd2+ Kc6 52. Qe1 Qxg3+ 53.
Kf1 Qh3+ 54. Kg1 Qxh4 55. Qe6+ Bd6 56. Qc8+ Kd5 57. Qg8+ Kc6 58. Qc8+ Bc7 59.
Qe6+ Kb7 60. Qd5+ Ka7 61. Be5 Qg5+ 62. Bg3 Qc1+ 63. Kg2 Bxg3 64. Kxg3 Qg1+ 65.
Kh3 Qf1+ 66. Kg3 f4+ 67. Kg4 Qe2+ 68. f3 Qe7 69. Kxf4 h5 70. Qe4 Qf6+ 71. Kg3
g5 72. Qh7+ Ka6 73. Qxh5 a4 74. Qg4 Qe5+ 75. Kh3 b5 76. Qc8+ Kb6 77. Qd8+ Kc5
78. Qd2 Qf5+ 79. Kg3 Qe5+ 80. Kg4 Kb6 81. Qxg5 Qxb2 82. Qd8+ Kc5 83. Qc7+ Kd5
84. Qf7+ Kd6 85. Qf4+ Ke6 86. Qe4+ Kf7 87. Qd5+ Kg7 88. Qd7+ Kh8 89. Qe8+ Kh7
90. Qh5+ Kg7 91. Qg5+ Kf7 92. Qd5+ Ke7 93. Qe4+ Kd7 94. Qd5+ Kc7 95. Qc5+
1/2-1/2

[Event "FRA T I 120102011"]
[Site "FRA"]
[Date "2010.11.13"]
[Round "2.1"]
[White "Pham Minh Hoang"]
[Black "Roser, Kevin"]
[Result "1-0"]
[WhiteElo "2466"]
[BlackElo "2433"]
[PlyCount "153"]
[EventDate "2010.10.17"]
[EventType "team-match"]
[EventRounds "9"]
[EventCountry "FRA"]
[Source "FFE"]
[SourceDate "2010.10.29"]

1. d4 Nf6 2. c4 e6 3. g3 c5 4. d5 exd5 5. cxd5 d6 6. Nc3 g6 7. Bg2 Bg7 8. Nf3
O-O 9. O-O Re8 10. Bf4 Na6 11. Nd2 Nh5 12. Be3 Nc7 13. a4 b6 14. Nc4 Ba6 15.
Na3 Rxe3 16. fxe3 Qe7 17. Nc2 Nf6 18. e4 h5 19. Ra3 Nd7 20. b4 Ne5 21. bxc5
bxc5 22. Rb3 Nc4 23. Qe1 Qd7 24. Rf3 Re8 25. Na3 Nxa3 26. Rxa3 Rb8 27. e3 Qe7
28. Rf2 Bd3 29. Qd1 c4 30. Bf1 Bxc3 31. Rxc3 Rb1 32. Rc1 Rxc1 33. Qxc1 Qxe4 34.
Rf4 Qxd5 35. Rd4 Qe5 36. Bxd3 cxd3 37. Rxd3 Ne6 38. Qc3 Qe4 39. Rxd6 Qxa4 40.
Rc6 Qd1+ 41. Kf2 Kf8 42. Rc8+ Ke7 43. Qb4+ Kf6 44. Qb2+ Kg5 45. h4+ Kg4 46.
Rc4+ Kh3 47. Qc1 Qd5 48. Qf1+ Kh2 49. Qg1+ Kh3 50. Qf1+ Kh2 51. e4 Qd2+ 52. Kf3
g5 53. Qf2+ Qxf2+ 54. Kxf2 g4 55. e5 a6 56. Rc6 a5 57. Ra6 Nc5 58. Rxa5 Ne4+
59. Ke3 Nxg3 60. Ra2+ Kh3 61. Kf4 Nf1 62. Kg5 Nh2 63. Kxh5 Nf3 64. Ra3 Kg3 65.
Rb3 Kh3 66. Re3 Kg3 67. Re4 Nh2 68. Ra4 Kh3 69. Rf4 g3 70. Rxf7 Ng4 71. e6 g2
72. Rf3+ Kh2 73. e7 g1=Q 74. e8=Q Qg2 75. Qb8+ Kh1 76. Qb1+ Kh2 77. Qf5 1-0

[Event "FRA T I 120102011"]
[Site "FRA"]
[Date "2010.11.14"]
[Round "3.1"]
[White "Shirazi, Kamran"]
[Black "Pham Minh Hoang"]
[Result "0-1"]
[WhiteElo "2413"]
[BlackElo "2466"]
[PlyCount "146"]
[EventDate "2010.10.17"]
[EventType "team-match"]
[EventRounds "9"]
[EventCountry "FRA"]
[Source "FFE"]
[SourceDate "2010.10.29"]
[WhiteTeam "Bois-Colombes"]
[BlackTeam "Sautron"]
[WhiteTeamCountry "FRA"]
[BlackTeamCountry "FRA"]

1. e4 c5 2. Nf3 d6 3. d4 cxd4 4. Nxd4 Nf6 5. Nc3 a6 6. f4 Qa5 7. Nb3 Qc7 8. Nd5
Nxd5 9. exd5 g6 10. Be3 Bg7 11. Bd4 Bxd4 12. Qxd4 O-O 13. Bd3 Nd7 14. h4 Qb6
15. Qxb6 Nxb6 16. c4 e6 17. dxe6 Bxe6 18. Na5 Rac8 19. Rc1 Rc7 20. Kd2 Rfc8 21.
b3 Nd7 22. b4 b6 23. Nb3 Bxc4 24. Bxc4 Rxc4 25. a3 Nf6 26. Rhe1 Kf8 27. Kd3
Rxc1 28. Nxc1 Nh5 29. Ne2 f5 30. Rg1 Kf7 31. g4 fxg4 32. Rxg4 Kf6 33. Rg5 b5
34. f5 Rc4 35. fxg6 hxg6 36. Rd5 Ke7 37. Rg5 Rxh4 38. Rxg6 Rh3+ 39. Kd2 Nf6 40.
Rg7+ Kf8 41. Ra7 Ne4+ 42. Kc2 Rxa3 43. Nd4 Rc3+ 44. Kb2 Rc4 45. Ne6+ Ke8 46.
Ka3 Rc6 47. Nc7+ Kd8 48. Nd5 Nc3 49. Ra8+ Kd7 50. Ra7+ Ke6 51. Nc7+ Ke5 52.
Nxa6 Nd5 53. Nb8 Rc3+ 54. Kb2 Rc4 55. Ka3 Nxb4 56. Rh7 Nc2+ 57. Kb2 Nd4 58.
Nd7+ Ke6 59. Nb6 Rc2+ 60. Ka3 Rc3+ 61. Kb2 Rb3+ 62. Ka2 Rf3 63. Rh4 Ke5 64.
Nd7+ Kd5 65. Nb6+ Kc5 66. Nd7+ Kc6 67. Nb8+ Kd5 68. Kb2 b4 69. Nd7 Rf2+ 70. Kb1
Kc4 71. Nb6+ Kb3 72. Kc1 Nf3 73. Kb1 Ra2 0-1